000 00592nam a2200169 a 4500
001 000025601
005 20200930023915.0
008 110218s1976 dr a 000 0 spa d
040 _aDO-SdBNP
_bspa
_cBNPHU
082 _axxxx
_bD814m
100 1 _aDubert, Ramón
_952293
245 1 0 _aManual del presidente de asamblea :
_bpara ministros laicos de la comunidad /
_cRamón Dubert.
260 _aSantiago de los Caballeros, República Dominicana, :
_bObispado de Santiago de los Caballeros,
_c1976.
300 _a379 p. :
_bil. ;
_c27 cm.
504 _aBibliografía : p. 367-368
049 _aBNPD
999 _c25093
_d25093